Physics for engineers (Record no. 452)

MARC details
000 -LEADER
Fixed length control field 00421nam a2200169 4500
003 - CONTROL NUMBER IDENTIFIER
Control field SEACOMEC
005 - DATE AND TIME OF LATEST TRANSACTION
Control field 20240110154706.0
008 - FIXED-LENGTH DATA ELEMENTS--GENERAL INFORMATION
Fixed length control field 240110b |||||||| |||| 00| 0 eng d
020 ## - INTERNATIONAL STANDARD BOOK NUMBER / ISBN
Price Rs.220.00
040 ## - CATALOGING SOURCE
Original cataloging agency SEACOMEC
082 ## - DEWEY DECIMAL CLASSIFICATION NUMBER
Classification number 530
Book Number S774
100 ## - MAIN ENTRY--PERSONAL NAME
Personal name Srinivasan,M.R.
245 1# - TITLE STATEMENT
Title Physics for engineers
Statement of responsibility M.R. Srinivasan
260 ## - IMPRINT
Place of publication New Delhi
Name of publisher New Age
Date of publication 2001
650 ## - SUBJECT ADDED ENTRY--TOPICAL TERM
Topical term Natural sciences,Physics
942 ## - ADDED ENTRY ELEMENTS (KOHA)
Koha item type Books
Holdings
Withdrawn status Lost status Source of classification Damaged status Not for loan Home library Current library Date acquired Total Checkouts Call number Accession number Date last seen Copy number Price effective from Koha item type
    Dewey Decimal Classification     SEACOM ENGINEERING COLLEGE SEACOM ENGINEERING COLLEGE 04/06/2006   530 S774 01482 10/01/2024 10 10/01/2024 Books
    Dewey Decimal Classification     SEACOM ENGINEERING COLLEGE SEACOM ENGINEERING COLLEGE 04/06/2006   530 S774 01483 10/01/2024 11 10/01/2024 Books
    Dewey Decimal Classification     SEACOM ENGINEERING COLLEGE SEACOM ENGINEERING COLLEGE 04/06/2006   530 S774 01484 10/01/2024 12 10/01/2024 Books
    Dewey Decimal Classification     SEACOM ENGINEERING COLLEGE SEACOM ENGINEERING COLLEGE 04/06/2006   530 S774 01485 10/01/2024 13 10/01/2024 Books
    Dewey Decimal Classification     SEACOM ENGINEERING COLLEGE SEACOM ENGINEERING COLLEGE 04/06/2006   530 S774 01486 10/01/2024 14 10/01/2024 Books
    Dewey Decimal Classification     SEACOM ENGINEERING COLLEGE SEACOM ENGINEERING COLLEGE 04/06/2006   530 S774 01487 10/01/2024 15 10/01/2024 Books
    Dewey Decimal Classification     SEACOM ENGINEERING COLLEGE SEACOM ENGINEERING COLLEGE 04/06/2006   530 S774 01488 10/01/2024 16 10/01/2024 Books
    Dewey Decimal Classification     SEACOM ENGINEERING COLLEGE SEACOM ENGINEERING COLLEGE 04/06/2006   530 S774 01489 10/01/2024 17 10/01/2024 Books
    Dewey Decimal Classification     SEACOM ENGINEERING COLLEGE SEACOM ENGINEERING COLLEGE 04/06/2006   530 S774 01490 10/01/2024 18 10/01/2024 Books
    Dewey Decimal Classification     SEACOM ENGINEERING COLLEGE SEACOM ENGINEERING COLLEGE 04/06/2006   530 S774 01491 10/01/2024 19 10/01/2024 Books
© Seacom Engineering College, All rights reserved.      Powered by Koha